Editorial. A la represión contestemos con la movilización de las masas
সংরক্ষণ করুন:
| সংস্থা লেখক: | |
|---|---|
| বিন্যাস: | পাঠ্য |
| প্রকাশিত: |
San Salvador:
El Partido
|
| ট্যাগগুলো: |
ট্যাগ যুক্ত করুন
কোনো ট্যাগ নেই, প্রথমজন হিসাবে ট্যাগ করুন!
|
MARC
| LEADER | 00000 a a2200000 04500 | ||
|---|---|---|---|
| 001 | 16586 | ||
| 003 | |||
| 040 | |||
| 090 | |a EXTRAVIADO | ||
| 110 | |a Partido Comunista de El Salvador | ||
| 245 | |a Editorial. A la represión contestemos con la movilización de las masas | ||
| 260 | |a San Salvador: |b El Partido | ||
| 300 | |a 5 p | ||
| 999 | |c 16185 |d 16185 | ||
